Control de las Infecciones Hospitalarias. Modulo nº 5: Prevencion de infecciones en huepedes especiales (Registro nro. 1746)
[ vista simple ]
| 000 -LEADER | |
|---|---|
| fixed length control field | 01167nam a2200301 a 4500 |
| 003 - CONTROL NUMBER IDENTIFIER | |
| control field | OSt |
| 005 - FECHA ULTIMA MODIFICACION | |
| control field | 20131004164539.0 |
| 008 - FIXED-LENGTH DATA ELEMENTS--GENERAL INFORMATION | |
| fixed length control field | 131004s2003 ag ||||| |||| 00| 0 spa d |
| 020 ## - INTERNATIONAL STANDARD BOOK NUMBER | |
| International Standard Book Number | 950-9848-12-3 |
| 040 ## - CATALOGING SOURCE | |
| Transcribing agency | Biblioteca Medicina |
| 041 ## - LANGUAGE CODE | |
| Language code of text/sound track or separate title | spa |
| 082 ## - DEWEY DECIMAL CLASSIFICATION NUMBER | |
| Item number | VARIOS 0378 |
| 100 1# - MAIN ENTRY--PERSONAL NAME | |
| Personal name | Stamboulian, Daniel |
| 9 (RLIN) | 500 |
| 245 00 - TITLE STATEMENT | |
| Title | Control de las Infecciones Hospitalarias. Modulo nº 5: Prevencion de infecciones en huepedes especiales |
| 250 ## - EDITION STATEMENT | |
| Edition statement | 1º ed. |
| 260 ## - PUBLICATION, DISTRIBUTION, ETC. (IMPRINT) | |
| Place of publication, distribution, etc | Buenos Aires |
| Name of publisher, distributor, etc | Centro de Consulta y Educacion Medica; |
| -- | Fundacion Centro de Estudios Infectologicos |
| Date of publication, distribution, etc | 2003 |
| 300 ## - PHYSICAL DESCRIPTION | |
| Extent | 54 p. |
| 440 00 - SERIES STATEMENT/ADDED ENTRY--TITLE | |
| Title | Educacion Medica a Distancia |
| 9 (RLIN) | 2668 |
| 653 ## - INDEX TERM--UNCONTROLLED | |
| Uncontrolled term | INFECCIONES HOSPITALARIAS-CONTROL |
| 653 ## - INDEX TERM--UNCONTROLLED | |
| Uncontrolled term | INFECCIONES HOSPITALARIAS-PREVENCION |
| 653 ## - INDEX TERM--UNCONTROLLED | |
| Uncontrolled term | PACIENTE NEUROTROPENICO-INFECCIONES HOSPITALARIAS |
| 653 ## - INDEX TERM--UNCONTROLLED | |
| Uncontrolled term | TRASPLANTE DE ORGANOS-INFECCIONES HOSPITALARIAS |
| 653 ## - INDEX TERM--UNCONTROLLED | |
| Uncontrolled term | HEPATITIS-INFECCIONES HOSPITALARIAS |
| 653 ## - INDEX TERM--UNCONTROLLED | |
| Uncontrolled term | NEONATOLOGIA-INFECCIONES HOSPITALARIAS |
| 653 ## - INDEX TERM--UNCONTROLLED | |
| Uncontrolled term | PEDIATRIA-INFECCIONES HOSPITALARIAS |
| 942 ## - ADDED ENTRY ELEMENTS (KOHA) | |
| Source of classification or shelving scheme | Dewey Decimal Classification |
| Koha item type | Hemeroteca |
| Withdrawn status | Lost status | Fuente de clasificación | Damaged status | Not for loan | Colección | Ubicación permanente | Ubicación actual | Sala de ubicación | Fecha de adquisición | Total Checkouts | Número de clasificación | Date last seen | Número de ejemplar | Price effective from | Koha tipo de elemento (item) |
|---|---|---|---|---|---|---|---|---|---|---|---|---|---|---|---|
| Dewey Decimal Classification | Non-fiction | Biblioteca Medicina | Biblioteca Medicina | Circulación | 04/10/2013 | VARIOS 0378 | 06/11/2014 | Ej. 1 | 04/10/2013 | Hemeroteca |